LEADER 01417nam0 22002891i 450 001 UON00519771 005 20231205105539.273 100 $a20231112d2003 |0itac50 ba 101 $aita 102 $aIT 105 $a|||| ||||| 200 1 $aQuando la fabbrica delude$erifiuto del lavoro e comando sul lavoro$eesodo e licenziamenti alla FIAT-SATA. Volume 2$fdi Elisabetta Della Corte 210 $a[S.l.$cs.n.]$dstampa 2003$ePotenza$cOlita) 215 $a105 p.$ctab., graf.$d24 cm 300 $aIn cop. : Regione Basilicata, Comitato di coordinamento istituzionale per le politiche del lavoro; L'Ufficio del Consigliere di parità; Osservatorio e Centro di documentazione sulla FIAT-SATA di Melfi.. 316 $aDonazione prof.ssa Amalia Signorelli$5IT-UONSI F. Signorelli1 A36 606 $aPolitiche del lavoro$3UONC101957$2FI 620 $dPotenza$3UONL001241 676 $a331$cEconomia del Lavoro$v21 700 1$aDella_Corte$bElisabetta$3UONV164221$00 712 $aRegione Basilicata$3UONV267233$4650 801 $aIT$bSOL$c20250905$gRICA 899 $aSIBA - SISTEMA BIBLIOTECARIO DI ATENEO$2UONSI 912 $aUON00519771 950 $aSIBA - SISTEMA BIBLIOTECARIO DI ATENEO$dSI F. Signore1 A 36 $eSI 47316 5 Donazione prof.ssa Amalia Signorelli 996 $aQuando la fabbrica delude$93905071 997 $aUNIOR